| 000 | 01707nam0a2200337 4500 | ||
|---|---|---|---|
| 001 | RU\NLR\bibl\1508965 | ||
| 005 | 20260407015230.0 | ||
| 010 |
_a978-5-9222-0241-1 _9300 |
||
| 021 |
_aRU _b2010-23174 _91554 |
||
| 035 | _a(NLR Aleph) 001500371 | ||
| 090 |
_a1794180 _c1794180 |
||
| 100 | _a20100507d2009 |||y0rusy50 ca | ||
| 101 | 0 | _arus | |
| 102 | _aRU | ||
| 105 | _aa ||||||||| | ||
| 200 | 1 |
_aПроблемы профессиональной подготовки и деятельности специалиста _eсборник научных статей _fМ-во обороны Рос. Федерации, Гл. упр. воспитат. работы [Вооруж. Сил Рос. Федерации] _gпод ред. Зеленкова М.Ю., д.полит.н., к.воен.н. |
|
| 210 |
_aМосква _cГУВР ВС РФ _aКазань _cОтечество _d2009 |
||
| 215 |
_a243 с. _cил. _d21 |
||
| 320 | _aБиблиогр. в конце ст. | ||
| 606 | 1 |
_aВоинское воспитание _jСборники _91214288 _3RU\NLR\auth\66174932 |
|
| 606 | 1 |
_aВоенное образование _jСборники _yРоссийская Федерация _92093941 _3RU\NLR\auth\661267127 |
|
| 686 | _aЦ4,6(2Р)42я43 | ||
| 686 | _aЦ4,6(2Р)39я43 | ||
| 702 | 1 |
_aЗеленков _bМ. Ю. _gМихаил Юрьевич _4340 |
|
| 712 | 0 | 1 |
_4570 _aРоссийская Федерация _bМинистерство обороны _bГлавное управление воспитательной работы _3RU\NLR\AUTH\8810003722 _9504737 |
| 801 | 0 |
_aRU _bNLR _c20100507 _gRCR |
|
| 801 | 1 |
_aRU _bNLR _c20100507 |
|
| 830 | _aпо эк | ||
| 942 | _cBOOK | ||
| 980 | _aNB | ||